| 000 | 004340000a22001810004500 | ||
|---|---|---|---|
| 003 | MACL | ||
| 005 | 20150918103917.0 | ||
| 008 | 150918b xxu||||| |||| 00| 0 eng d | ||
| 040 |
_aMACL _cMACL |
||
| 041 | _aEnglish | ||
| 082 | _a824/KAM | ||
| 100 |
_aKumar, Deepak _911677 |
||
| 245 | _aScience and Empire 1700-1947 | ||
| 260 |
_bAnamika Parakashan _c1991 _aDelhi |
||
| 350 | _a200 | ||
| 650 |
_aEssay _98946 |
||
| 942 |
_cBK _k824 _2ddc |
||
| 999 |
_c4687 _d4687 |
||